Hướng dẫn kỹ thuật hội họa căn bản

Gespeichert in:
Bibliographische Detailangaben
1. Verfasser: Hà Thiện Thuyên (Dịch)
Format: Buch
Sprache:Vietnamese
Veröffentlicht: H Thanh niên 2000
Schlagworte:
Tags: Tag hinzufügen
Keine Tags, Fügen Sie den ersten Tag hinzu!
Thư viện lưu trữ: Mạng thư viện Đại học Đà Nẵng
LEADER 01053nam a2200337 4500
001 000009508
003 5705
005 20111028091027.0
008 111028s2000 viesd
020 |c 24000đ 
041 0 |a vie 
082 |a 743  |b Hươ 
100 0 |a Hà Thiện Thuyên  |e Biên dịch 
245 0 |a Hướng dẫn kỹ thuật hội họa căn bản  |c Hà Thiện Thuyên 
260 |a H  |b Thanh niên  |c 2000 
300 |a 233 tr.  |c 19 cm 
653 |a Hướng dẫn 
653 |a Tập vẽ 
653 |a Hội họa 
700 |a Hà Thiện Thuyên  |e Dịch 
910 |a duyên 
OWN |a LSP 
AVA |a UDN50  |b LSP  |d 743 Hươ  |e available  |t Error 5001 Not defined in file expand_doc_bib_avail.  |f 5  |g 0  |h N  |i 0  |k 1 
999 |a From the UDN01 
AVA |a UDN50  |b LSP  |d 743 Hươ  |e available  |t Error 5001 Not defined in file expand_doc_bib_avail.  |f 5  |g 0  |h N  |i 0  |k 1 
TYP |a Monograph 
TYP |a Printed language 
980 |a Mạng thư viện Đại học Đà Nẵng